MARC

LEADER 00000nam0a2200000 4500
001 301726
005 20231102001429.0
035 |a (RuTPU)RU\TPU\book\326902 
090 |a 301726 
100 |a 20150812d1967 km y0rusy50 ca 
101 0 |a rus 
102 |a RU 
105 |a a z 001zy 
200 1 |a Радиолинейные линии связи в энергосистемах  |f Н. Т. Бабаев, В. В. Куликов 
210 |a Москва  |c Энергия  |d 1967 
215 |a 192 с.  |c ил. 
320 |a Библиогр.: с. 190. 
606 1 |a Энергетические системы  |x Проектирование  |2 stltpush  |3 (RuTPU)RU\TPU\subj\21269  |9 46288 
606 1 |a Радиорелейные линии связи, многоканальные  |2 stltpush  |3 (RuTPU)RU\TPU\subj\23048  |9 47710 
610 1 |a проектирование 
610 1 |a электрические расчеты 
610 1 |a стационарная аппаратура 
610 1 |a монтаж 
610 1 |a антенные устройства 
610 1 |a электропитающие устройства 
675 |a 621.396.43  |v 3 
700 1 |a Бабаев  |b Н. Т.  |g Николай Тимофеевич 
701 1 |a Куликов  |b В. В.  |g Валентин Васильевич 
801 1 |a RU  |b 63413507  |c 20150812 
801 2 |a RU  |b 63413507  |c 20220531  |g RCR 
942 |c BK